|
|
|
|
| LEADER |
00000cac a2200000 i 4500 |
| 003 |
Ucuenca |
| 005 |
20230810062725.0 |
| 006 |
a||||gr|||| 00| 0 |
| 007 |
ta |
| 008 |
000000s1970 sp ||||r|||||||||||spa a |
| 040 |
|
|
|b spa
|a UCuenca-cdrjbv
|c UCuenca
|e rda
|
| 041 |
1 |
|
|a spa
|
| 082 |
0 |
|
|2 21
|a 142.78
|c 56500
|
| 100 |
1 |
|
|a Jolivet, Régis.
|d 1891-1966
|9 187428
|e autor
|
| 245 |
1 |
4 |
|a Las doctrinas existencialistas:
|b desde Kierkegaard A J.-P. Sartre /
|c Régis Jolivet, Arsenio Pacios, traductor.
|
| 250 |
|
|
|a Cuarta edición
|
| 264 |
|
1 |
|a Madrid:
|b Gredos,
|c 1970.
|
| 300 |
|
|
|a 439 páginas:
|c 18 cm
|
| 336 |
|
|
|2 rdacontent
|a texto
|b txt
|
| 337 |
|
|
|2 rdamedia
|a no mediado
|b n
|
| 338 |
|
|
|2 rdacarrier
|a volumen
|b nc
|
| 490 |
0 |
|
|a Biblioteca Universitaria Gredos. Manuales.
|
| 500 |
1 |
|
|3 Indice de notas críticas.
|
| 504 |
|
|
|a incl. ref.
|
| 504 |
|
|
|a incl. indnom.
|
| 505 |
1 |
|
|a Las fuentes del existencialismo -- Las doctrinas existencialistas.
|
| 520 |
3 |
|
|a Contiene: Las fuentes del existencialismo.- Las doctrinas existencialistas
|
| 650 |
1 |
4 |
|a Filosofía
|9 8018
|
| 650 |
1 |
7 |
|2 UCuenca-cdrjbv
|a Existencialismo
|9 4257
|
| 651 |
|
|
|2 UCuenca-cdrjbv
|
| 700 |
1 |
|
|a Pacios, Arsenio.
|e traductor
|9 261649
|
| 852 |
|
|
|a UC-CDJBV
|
| 942 |
|
|
|2 ddc
|c CR
|r luz.vázquez@ucuenca.edu.ec
|
| 999 |
|
|
|c 57184
|d 57184
|